| 000 | 00384nam a22001217a 4500 | ||
|---|---|---|---|
| 999 |
_c9615 _d9615 |
||
| 003 | OSt | ||
| 008 | 201203b ||||| |||| 00| 0 eng d | ||
| 245 | _aClaro : Materials Science | ||
| 250 | _a2015(Jan-Mar Vol.2015, Apr-Jun Vol.2015, Jul-Sep Vol.2015, Oct-Dec Vol.2015) | ||
| 260 |
_aAhmedabad, Gujarat _bClaro Publication Pvt. Ltd. |
||
| 650 | _aMechanical Engineering | ||
| 942 |
_2ddc _cBV |
||